| 000 | 00501nam a2200157Ia 4500 | ||
|---|---|---|---|
| 999 |
_c20826 _d20826 |
||
| 003 | OSt | ||
| 005 | 20200611103129.0 | ||
| 008 | 190216s9999||||xx |||||||||||||| ||und|| | ||
| 040 | _coclc | ||
| 082 |
_a294.5095483 _bKUR/C |
||
| 100 |
_aKurup, K K N _91879 _d1939- author. |
||
| 245 | 4 |
_aThe Cult Of Teyyam And Hero Worship In Kerala / _c K K N Kurup |
|
| 260 |
_bCentre For Folklore Studies, _c2000. |
||
| 300 | _a146p | ||
| 942 |
_cBK _2ddc _h294.5095483 _iKUR/C _k294.5095483 _mKUR/C |
||